Statystyki dla Piosenki zespołu Within Temptation

Kliknij tutaj aby rozwiązać quiz!

Ogólne statystyki

  • Ten quiz został rozwiązany 5 razy
  • Średni wynik to 7 z 9

Statystyki odpowiedzi

Odpowiedź% Poprawnych
Ice Queen
100%
Caged
75%
Dark Wings
75%
Deceiver of Fools
75%
In Perfect Harmony
75%
Mother Earth
75%
Never-Ending Story
75%
The Promise
75%
Our Farewell
50%

Rozkład punktacji

Percentyl według liczby udzielonych odpowiedzi

Procent ludzi z każdym wynikiem

Twoja historia wyników

Nie rozwiązałeś tego quizu